000 00563nam a2200229Ia 4500
003 OSt
005 20220918192526.0
006 a|||||r|||| 00| 0
007 ta
008 220917b |||||||| |||| 00| 0 eng d
024 _a68,828
037 _cTextual
040 _aARTS
_cARTS
_beng
041 _2eng
_aeng
082 _aR3, L8
100 _aSprague Elmer
_979329
245 0 _aMetaphysical thinking
260 _aNew York
_bOUP
_c1978
300 _ax,162p.
_ccm.
942 _hR3, L8
_cTEXL
_2CC
999 _c194999
_d194999